Cuentos de invierno / (Record no. 54035)
[ view plain ]
| 000 -LEADER | |
|---|---|
| campo de control de longitud fija | 00636nam a2200217 i 4500 |
| 001 - NÚMERO DE CONTROL | |
| campo de control | 54035 |
| 003 - IDENTIFICADOR DE NÚMERO DE CONTROL | |
| campo de control | ES-MaACL |
| 005 - FECHA Y HORA DE LA ÚLTIMA TRANSACCIÓN | |
| campo de control | 20250303062540.0 |
| 007 - CAMPO FIJO DE DESCRIPCIÓN FÍSICA--INFORMACIÓN GENERAL | |
| campo de control de longitud fija | t| |
| 008 - DATOS DE LONGITUD FIJA--INFORMACIÓN GENERAL | |
| campo de control de longitud fija | 031121s2002 sp |||| | spa d |
| 020 ## - NÚMERO INTERNACIONAL ESTÁNDAR DEL LIBRO | |
| Número Internacional Estándar del Libro | 84-931465-5-2 |
| 080 ## - NÚMERO DE LA CLASIFICACIÓN DECIMAL UNIVERSAL | |
| Número de la Clasificación Decimal Universal | 821.134.2-34"18" |
| 100 1# - ENTRADA PRINCIPAL--NOMBRE DE PERSONA | |
| Nombre de persona | Pardo Bazán, Emilia, |
| Títulos y otros términos asociados al nombre | Condesa de, |
| Fechas asociadas al nombre | 1851-1921 |
| 9 (RLIN) | 176434 |
| 245 10 - MENCIÓN DEL TÍTULO | |
| Título | Cuentos de invierno / |
| Mención de responsabilidad, etc. | Emilia Pardo Bazán ; introducción de Danilo Manera. |
| 260 ## - PUBLICACIÓN, DISTRIBUCIÓN, ETC. | |
| Lugar de publicación, distribución, etc. | Colmenar Viejo (Madrid) : |
| Nombre del editor, distribuidor, etc. | Bercimuel, |
| Fecha de publicación, distribución, etc. | [2002] |
| 300 ## - DESCRIPCIÓN FÍSICA | |
| Extensión | 210 p ; |
| Dimensiones | 18 cm. |
| 700 1# - ENTRADA AGREGADA--NOMBRE PERSONAL | |
| Nombre de persona | Manera, Danilo. |
| 9 (RLIN) | 75979 |
| 852 ## - LOCALIZACIÓN | |
| Ubicación | ES-MaACL |
| Número de control de estantería | L-26687 |
| 942 ## - ELEMENTOS DE ENTRADA SECUNDARIOS (KOHA) | |
| Fuente del sistema de clasificación o colocación | Clasificación decimal universal |
| Estatus retirado | Estado de pérdida | Estado de daño | No para préstamo | Biblioteca de origen | Biblioteca actual | Ubicación en estantería | Fecha de adquisición | Fuente de adquisición | Total de préstamos | Signatura topográfica completa | Código de barras | Visto por última vez | Precio de reemplazo | Tipo de ítem Koha |
|---|---|---|---|---|---|---|---|---|---|---|---|---|---|---|
| Biblioteca del Ateneo de Madrid | Biblioteca del Ateneo de Madrid | Depósito 2 | 17/01/2008 | L-26687 | 1056789 | 23/02/2023 | 23/02/2023 | Libro impreso |
